书目信息 |
| 题名: |
聚焦十三五
|
|
| 作者: | 李振通 主编 | |
| 分册: | ||
| 出版信息: | 北京 光明日报出版社 2015.10 |
|
| 页数: | 291页 | |
| 开本: | 26cm | |
| 丛书名: | ||
| 单 册: | ||
| 中图分类: | F123.3 | |
| 科图分类: | ||
| 主题词: | 经济--中国 | |
| 电子资源: | ||
| ISBN: | 7-5112-9271-2 | |
| 000 | 00567nam0 2200193 450 | |
| 001 | 1541021257 | |
| 005 | 20151221112514.61 | |
| 010 | @a7-5112-9271-2@dCNY48.00 | |
| 100 | @a20151221d2015 km y0chiy0120 ea | |
| 101 | 0 | @achi |
| 102 | @aCN@b110000 | |
| 200 | 1 | @a聚焦十三五@Aju jiao shi san wu@f李振通主编@Fli zhen tong zhu bian |
| 210 | @a北京@c光明日报出版社@d2015.10 | |
| 215 | @a291页@d26cm | |
| 606 | 0 | @a经济@x中国 |
| 690 | @aF123.3@v4 | |
| 701 | 0 | @a李振通@Ali zhen tong@4主编 |
| 801 | 0 | @aCN@b大连网信软件有限公司图书馆·11@c20151221 |
| 905 | @aZUCC@dF123.3@eL336 | |
| 聚焦十三五/李振通主编.-北京:光明日报出版社,2015.10 |
| 291页;26cm |
| ISBN 7-5112-9271-2:CNY48.00 |
| ● |
| 相关链接 |
|
|
|
正题名:聚焦十三五
索取号:F123.3/L336
 
预约/预借
| 序号 | 登录号 | 条形码 | 馆藏地/架位号 | 状态 | 备注 |
| 1 | 497848 | 204978480 | 法学院资料室/ [索取号:F123.3/L336] | 在馆 |